Statistics for NBA General Knowledge #3

Click here to take the quiz!

General Stats

  • This quiz has been taken 93 times
  • The average score is 11 of 15

Answer Stats

QuestionAnswer% Correct
Who has the most rings?Bill Russell
98%
Who is the only player to score above 40,000 points in their NBA career?Lebron James
96%
Who is the Alltime 3-point king in NBA historyStephen Curry
96%
How many games are played in the NBA every season?82
95%
Who was the 2011 MVP?Derrick Rose
93%
What team did Shaquille O'neal get drafted too?Orlando Magic
93%
Who is the shortest NBA player to win MVP?Allen Iverson
91%
What player was nicknamed "The Truth"?Paul Pierce
82%
How many MVP's does Kareem Abdul-Jabbar have?6
71%
What team has the best record in NBA history?Golden State Warriors
61%
What place is Kobe Bryant on the Alltime scoring list?4th
55%
What team won the 1989 NBA Finals?Detroit Pistons
54%
How many Finals MVP's does Kareem Abdul-Jabbar have?2
34%
Who was the first ever team to win the NBA Finals?Minneapolis Lakers
23%
How many teams did Vince Carter play for?8
16%

Score Distribution

Percentile by Number Answered

Percent of People with Each Score

Your Score History

You have not taken this quiz